Glossary of basic archival and library conservation terms : (Record no. 9968)
[ view plain ]
| 000 -LEADER | |
|---|---|
| fixed length control field | 01352nac a22002891u 4500 |
| 010 ## - LIBRARY OF CONGRESS CONTROL NUMBER | |
| LC control number | 88209688 |
| 020 ## - INTERNATIONAL STANDARD BOOK NUMBER | |
| International Standard Book Number | 3598202768 |
| 082 00 - DEWEY DECIMAL CLASSIFICATION NUMBER | |
| Classification number | 025.8403 |
| Item number | ARC |
| 090 ## - LOCALLY ASSIGNED LC-TYPE CALL NUMBER (OCLC); LOCAL CALL NUMBER (OCLC) | |
| -- | 9968 |
| -- | 9968 |
| 100 ## - MAIN ENTRY--PERSONAL NAME | |
| Personal name | 20080729 |
| 245 00 - TITLE STATEMENT | |
| Title | Glossary of basic archival and library conservation terms : |
| Remainder of title | English with equivalents in Spanish, German, Italian, French, and Russian / |
| Statement of responsibility, etc | edited by Carmen Crespo Nogueira ; compiled by the Committee on Conservation and Restoration, International Council on Archives. |
| 260 ## - PUBLICATION, DISTRIBUTION, ETC. (IMPRINT) | |
| Place of publication, distribution, etc | MuÌ(nchen ; |
| -- | New York : |
| Name of publisher, distributor, etc | K.G. Saur,1988 |
| Date of publication, distribution, etc | 1988. |
| 300 ## - PHYSICAL DESCRIPTION | |
| Extent | 151 p. ; |
| Dimensions | 24 cm. |
| 440 #0 - | |
| -- | ICA handbooks series ; |
| -- | v. 4 |
| 500 ## - GENERAL NOTE | |
| General note | Includes index. |
| 500 ## - GENERAL NOTE | |
| General note | Donations |
| 500 ## - GENERAL NOTE | |
| General note | Donations: AUC |
| 511 ## - PARTICIPANT OR PERFORMER NOTE | |
| Participant or performer note | Catalogued by: wessam |
| 650 #0 - SUBJECT ADDED ENTRY--TOPICAL TERM | |
| Topical term or geographic name as entry element | Library science |
| General subdivision | Dictionaries |
| -- | Polyglot. |
| 650 #0 - SUBJECT ADDED ENTRY--TOPICAL TERM | |
| Topical term or geographic name as entry element | Library materials |
| General subdivision | Conservation and restoration |
| -- | Dictionaries |
| -- | Polyglot. |
| 650 #0 - SUBJECT ADDED ENTRY--TOPICAL TERM | |
| Topical term or geographic name as entry element | Archival materials |
| General subdivision | Conservation and restoration |
| -- | Dictionaries |
| -- | Polyglot. |
| 650 #0 - SUBJECT ADDED ENTRY--TOPICAL TERM | |
| Topical term or geographic name as entry element | Manuscripts |
| General subdivision | Conservation and restoration |
| -- | Dictionaries |
| -- | Polyglot. |
| 650 #0 - SUBJECT ADDED ENTRY--TOPICAL TERM | |
| Topical term or geographic name as entry element | Books |
| General subdivision | Conservation and restoration |
| -- | Dictionaries |
| -- | Polyglot. |
| 700 2# - ADDED ENTRY--PERSONAL NAME | |
| Personal name | Crespo Nogueira, C. |
| 710 2# - ADDED ENTRY--CORPORATE NAME | |
| Corporate name or jurisdiction name as entry element | International Council on Archives. |
| Subordinate unit | Conservation and Restoration Committee. |
| 942 ## - ADDED ENTRY ELEMENTS (KOHA) | |
| Item type | Book - Borrowing |
| Call number prefix | 025.8403ARC |
| Withdrawn status | Item status | Damaged status | Not for loan | Home library | Current library | Shelving location | Date acquired | Source of acquisition | Total Checkouts | Full call number | Barcode | Date last seen | Koha item type |
|---|---|---|---|---|---|---|---|---|---|---|---|---|---|
| Central Library | Central Library | Lower Floor | 09/07/2008 | Purchase | 025.8403ARC | 000013374 | 15/07/2025 | Book - Borrowing |